| 000 | 01193nas a2200241 454500 | ||
|---|---|---|---|
| 001 | 15874 | ||
| 005 | 20260407193505.0 | ||
| 008 | 260407s1985####ag###########|||spa#d | ||
| 003 | AR-UNSa-BCEJYS | ||
| 040 |
_aAR-UNSa-BCEJYS _bspa _cAR-UNSa-BCEJYS |
||
| 080 |
_a311.3 _xOrganización general de las estadisticas. Estadística oficial |
||
| 245 | 1 | 0 | _aEstadística mensual |
| 022 | _a0326-6214 | ||
| 264 | 1 |
_aBuenos Aires : _bINDEC _c1985 |
|
| 310 | _aFrecuencia: Mensual La publicación de estos índices, efectuada hasta diciembre de 1984 (Nº 144) en fascículos independientes, a partir de enero de 1985 ha sido unificada en un sólo volumen, manteniéndose la numeración correlativa anterior. Asimismo, a partir del mes mencionado (Nº 145), la consideración del ítem Salarios se efectúa en un apartado específico, con el agragado de nueva información. | ||
| 942 | _cSER | ||
| 590 | _aniveau_biblio:s niveau_hierar:1 | ||
| 100 | 1 | _aInstituto Nacional de Estadística y Censos (INDEC) | |
| 650 | _aESTADISTICA | ||
| 650 | _aIndustria de la construcción | ||
| 650 | _aSalario | ||
| 856 | 4 | 1 |
_uhttps://biblioeco.unsa.edu.ar/pmb/images/revistas/R08056.jpg _yImagen de portada _qimage/jpeg |
| 999 |
_c8481 _d8481 |
||